|
|
|
|
| LEADER |
00000cam a2200000 7i4500 |
| 001 |
0000094187 |
| 005 |
20240903092506.0 |
| 020 |
|
|
|a 9789352763092 (
|q paperback)
|
| 040 |
|
|
|e rda
|
| 041 |
|
|
|a English
|
| 090 |
0 |
0 |
|a SC
|b ENG
|
| 245 |
1 |
0 |
|a Light and sound
|
| 264 |
|
1 |
|a India :
|b Om Books International
|c 2023
|
| 300 |
|
|
|a 32 pages :
|b colour illustration ;
|c 23 cm.
|
| 336 |
|
|
|a text
|2 rdacontent
|
| 337 |
|
|
|a unmediated
|2 rdamedia
|
| 338 |
|
|
|a volume
|2 rdacarrier
|
| 490 |
1 |
|
|a Science Experiments
|
| 500 |
|
|
|a Children ages 10-12 years old (pink)
|
| 541 |
|
|
|c Purchased on 2024
|f CN086/24 CRE
|h RM43.80
|
| 650 |
|
0 |
|a Light and sound
|x Experiments
|x Juvenile lterature
|
| 650 |
|
0 |
|a Science
|x Experiments
|x Juvenile literature
|
| 730 |
0 |
|
|a Title
|
| 999 |
|
|
|a 0001771273
|b Book
|c Children Collection
|e Perbadanan Perpustakaan Awam Johor
|
| 999 |
|
|
|a 0001771274
|b Book
|c Children Collection
|e Cawangan Urban Transformation Centre
|
| 999 |
|
|
|a 0001771275
|b Book
|c Children Collection
|e Cawangan AEON Kulaijaya
|
| 999 |
|
|
|a 0001771276
|b Book
|c Children Collection
|e Cawangan Taman Universiti
|
| 999 |
|
|
|a 0001771277
|b Book
|c Children Collection
|e Cawangan Segamat
|
| 999 |
|
|
|a 0001771278
|b Book
|c Children Collection
|e Cawangan Taman Sri Lambak
|
| 999 |
|
|
|a 0001771279
|b Book
|c Children Collection
|e Cawangan Tangkak
|
| 999 |
|
|
|a 0001771280
|b Book
|c Children Collection
|e Cawangan Muar
|
| 999 |
|
|
|a 0001771281
|b Book
|c Children Collection
|e Cawangan Kota Tinggi
|
| 999 |
|
|
|a 0001771282
|b Book
|c Children Collection
|e Cawangan Bandar Penawar
|
| 999 |
|
|
|a 0001771283
|b Book
|c Children Collection
|e Cawangan Batu Pahat
|
| 999 |
|
|
|a 0001771284
|b Book
|c Children Collection
|e Cawangan Tmn. Ungku Tun Aminah
|
| 999 |
|
|
|a 0001771285
|b Book
|c Children Collection
|e Cawangan Mersing
|
| 999 |
|
|
|a 0001771286
|b Book
|c Children Collection
|e Cawangan Pontian
|
| 999 |
|
|
|a 0001771287
|b Book
|c Children Collection
|e Cawangan Bukit Gambir
|
| 999 |
|
|
|a 0001771288
|b Book
|c Children Collection
|e Perbadanan Perpustakaan Awam Johor
|
| 999 |
|
|
|a 0001771289
|b Book
|c Children Collection
|e Cawangan Bandar Tenggara
|
| 999 |
|
|
|a 0001771663
|b Book
|c Children Collection
|e Desa - PPAJ
|
| 999 |
|
|
|a 0001771664
|b Book
|c Children Collection
|e Desa - PPAJ
|
| 999 |
|
|
|a 0001771665
|b Book
|c Children Collection
|e Desa - PPAJ
|
| 999 |
|
|
|a 0001771666
|b Book
|c Children Collection
|e Desa - PPAJ
|
| 999 |
|
|
|a 0001771667
|b Book
|c Children Collection
|e Desa - PPAJ
|
| 999 |
|
|
|a 0001771668
|b Book
|c Children Collection
|e Desa - PPAJ
|
| 999 |
|
|
|a 0001771669
|b Book
|c Children Collection
|e Desa - PPAJ
|
| 999 |
|
|
|a 0001771670
|b Book
|c Children Collection
|e Desa - PPAJ
|
| 999 |
|
|
|a 0001771671
|b Book
|c Children Collection
|e Desa - PPAJ
|
| 999 |
|
|
|a 0001771672
|b Book
|c Children Collection
|e Desa - PPAJ
|
| 999 |
|
|
|a 0001771673
|b Book
|c Children Collection
|e Desa - PPAJ
|
| 999 |
|
|
|a 0001771674
|b Book
|c Children Collection
|e Desa - PPAJ
|
| 999 |
|
|
|a 0001771675
|b Book
|c Children Collection
|e Desa - PPAJ
|
| 999 |
|
|
|a 0001771676
|b Book
|c Children Collection
|e Desa - PPAJ
|
| 999 |
|
|
|a 0001771677
|b Book
|c Children Collection
|e Desa - PPAJ
|
| 999 |
|
|
|a 0001771678
|b Book
|c Children Collection
|e Desa - PPAJ
|
| 999 |
|
|
|a 0001771679
|b Book
|c Children Collection
|e Desa - PPAJ
|
| 999 |
|
|
|a 0001771680
|b Book
|c Children Collection
|e Desa - PPAJ
|
| 999 |
|
|
|a 0001771681
|b Book
|c Children Collection
|e Desa - PPAJ
|
| 999 |
|
|
|a 0001771682
|b Book
|c Children Collection
|e Desa - PPAJ
|
| 999 |
|
|
|a 0001771683
|b Book
|c Children Collection
|e Desa - PPAJ
|
| 999 |
|
|
|a 0001771684
|b Book
|c Children Collection
|e Desa - PPAJ
|
| 999 |
|
|
|a 0001771685
|b Book
|c Children Collection
|e Desa - PPAJ
|
| 999 |
|
|
|a 0001771686
|b Book
|c Children Collection
|e Desa - PPAJ
|
| 999 |
|
|
|a 0001771687
|b Book
|c Children Collection
|e Desa - PPAJ
|
| 999 |
|
|
|a 0001771688
|b Book
|c Children Collection
|e Desa - PPAJ
|
| 999 |
|
|
|a 0001771689
|b Book
|c Children Collection
|e Desa - PPAJ
|
| 999 |
|
|
|a 0001771690
|b Book
|c Children Collection
|e Desa - PPAJ
|
| 999 |
|
|
|a 0001771691
|b Book
|c Children Collection
|e Desa - PPAJ
|
| 999 |
|
|
|a 0001771692
|b Book
|c Children Collection
|e Desa - PPAJ
|
| 999 |
|
|
|a 0001771693
|b Book
|c Children Collection
|e Desa - PPAJ
|
| 999 |
|
|
|a 0001771694
|b Book
|c Children Collection
|e Desa - PPAJ
|
| 999 |
|
|
|a 0001771695
|b Book
|c Children Collection
|e Desa - PPAJ
|
| 999 |
|
|
|a 0001771696
|b Book
|c Children Collection
|e Desa - PPAJ
|
| 999 |
|
|
|a 0001771697
|b Book
|c Children Collection
|e Desa - PPAJ
|
| 999 |
|
|
|a 0001771698
|b Book
|c Children Collection
|e Desa - PPAJ
|
| 999 |
|
|
|a 0001771699
|b Book
|c Children Collection
|e Desa - PPAJ
|
| 999 |
|
|
|a 0001771700
|b Book
|c Children Collection
|e Desa - PPAJ
|
| 999 |
|
|
|a 0001771701
|b Book
|c Children Collection
|e Desa - PPAJ
|
| 999 |
|
|
|a 0001771702
|b Book
|c Children Collection
|e Desa - PPAJ
|
| 999 |
|
|
|a 0001771703
|b Book
|c Children Collection
|e Desa - PPAJ
|